000 00723nam a2200277Ia 4500
008 170711s9999 xx 000 0 und d
020 _a9780439024945
050 _a363.7
050 _bD249 2007
100 _aDavid, Laurie
245 4 _aThe down-to-earth guide to global warming /
245 _cby Laurie David.
260 _aNew York :
260 _bScholastic,
260 _c2007
300 _a112 pages :
300 _billustrations ;
300 _c23cm.
500 _aIncludes bibliographic reference and index.
650 _aGlobal warming --
650 _aGlobal warming.
650 _aGreenhouse effect.
650 _xJuvenile literature.
700 _aGordon, Cambria.
700 _aTitle.
999 _c339880
_d339880